Prince William / (Record no. 777)

MARC details
000 -LEADER
fixed length control field 00769cam a2200265 a 4500
005 - DATE AND TIME OF LATEST TRANSACTION
control field 20260322212034.0
008 - FIXED-LENGTH DATA ELEMENTS--GENERAL INFORMATION
fixed length control field data
010 ## - LIBRARY OF CONGRESS CONTROL NUMBER
LC control number 2005360883
015 ## - NATIONAL BIBLIOGRAPHY NUMBER
National bibliography number GBA3-Y0683
020 ## - INTERNATIONAL STANDARD BOOK NUMBER
International Standard Book Number 0750932651
020 ## - INTERNATIONAL STANDARD BOOK NUMBER
International Standard Book Number 9780750932653
040 ## - CATALOGING SOURCE
Original cataloging agency UKM
Transcribing agency UKM
Modifying agency DLC
-- OCLCQ
-- DLC
042 ## - AUTHENTICATION CODE
Authentication code lccopycat
043 ## - GEOGRAPHIC AREA CODE
Geographic area code e-uk---
050 00 - LIBRARY OF CONGRESS CALL NUMBER
Classification number DA591.A45
Item number W55544 2003
082 04 - DEWEY DECIMAL CLASSIFICATION NUMBER
Classification number 941.0858092
Edition information 21
001 - CONTROL NUMBER
control field data
100 1# - MAIN ENTRY--PERSONAL NAME
Personal name Hoey, Brian.
245 10 - TITLE STATEMENT
Title Prince William /
Statement of responsibility, etc. Brian Hoey.
260 ## - PUBLICATION, DISTRIBUTION, ETC.
Place of publication, distribution, etc. Phoenix Mill :
Name of publisher, distributor, etc. Sutton,
Date of publication, distribution, etc. 2003.
300 ## - PHYSICAL DESCRIPTION
Extent xx, 196 p. :
Other physical details ill. (chiefly col.), ports. (chiefly col.) ;
Dimensions 26 cm.
500 ## - GENERAL NOTE
General note Includes index.
600 00 - SUBJECT ADDED ENTRY--PERSONAL NAME
Personal name William,
Titles and other words associated with a name Prince, grandson of Elizabeth II, Queen of Great Britain,
Dates associated with a name 1982-
650 #0 - SUBJECT ADDED ENTRY--TOPICAL TERM
Topical term or geographic name entry element Princes
Geographic subdivision Great Britain
Form subdivision Biography.
Holdings
Withdrawn status Lost status Damaged status Not for loan Home library Current library Shelving location Date acquired Total checkouts Full call number Barcode Date last seen Price effective from Koha item type
        Pleasant Valley Pleasant Valley General stacks 22/03/2026   941.0858092 21 BC0010798 22/03/2026 22/03/2026 Books